000
00331nam a2200133Ia 4500
008
260604s9999 xx 000 0 und d
020
_a
9789819754076
082
_a
174.4 CRU
100
_a
FRANCIS
_9
35153
245
0
_a
BUSINESS ETHICS AN INSTI.GOVERN.APPROACH TO ETHICA
260
_b
PAL
500
_a
Business Ethics
942
_c
BK
999
_c
7913
_d
7913